| 000 | 00433nam a2200121Ia 4500 | ||
|---|---|---|---|
| 008 | 220615s9999||||xx |||||||||||||| ||und|| | ||
| 245 | 0 |
_aEpilepsy _bAdvances in Diagnosis and Therapy |
|
| 546 | _aEnglish[eng] | ||
| 650 | _aNeurology & clinical neurophysiology | ||
| 700 | _aJaber Al-Zwaini, Isam||Adbul-Hameed Majeed Albadri, Ban | ||
| 856 | _uhttps://mts.intechopen.com/storage/books/7860/authors_book/authors_book.pdf | ||
| 942 | _cEB | ||
| 999 |
_c12118 _d12118 |
||